Kỹ thuật vi điều khiển
Sách giới thiệu về kỹ thuật vi điều khiển qua các vấn đề như: lập trình cho bộ vi điều khiển bằng hợp ngữ và ngôn ngữ C; cấu trúc và chế độ làm việc của bộ vi điều khiển 68HC11 của Motorola; kỹ thuật giao diện của bộ vi điều khiển...
Enregistré dans:
| Auteur principal: | |
|---|---|
| Format: | Livre |
| Langue: | Undetermined |
| Publié: |
Hà Nội
Khoa học kỹ thuật
1998
|
| Sujets: | |
| Tags: |
Ajouter un tag
Pas de tags, Soyez le premier à ajouter un tag!
|
| Thư viện lưu trữ: | Trung tâm Học liệu Trường Đại học Cần Thơ |
|---|
| LEADER | 01195nam a2200205Ia 4500 | ||
|---|---|---|---|
| 001 | CTU_27766 | ||
| 008 | 210402s9999 xx 000 0 und d | ||
| 020 | |c 30000 | ||
| 082 | |a 004.16 | ||
| 082 | |b D408 | ||
| 100 | |a Lê, Văn Doanh | ||
| 245 | 0 | |a Kỹ thuật vi điều khiển | |
| 245 | 0 | |c Lê Văn Doanh, Phạm Khắc Chương | |
| 260 | |a Hà Nội | ||
| 260 | |b Khoa học kỹ thuật | ||
| 260 | |c 1998 | ||
| 520 | |a Sách giới thiệu về kỹ thuật vi điều khiển qua các vấn đề như: lập trình cho bộ vi điều khiển bằng hợp ngữ và ngôn ngữ C; cấu trúc và chế độ làm việc của bộ vi điều khiển 68HC11 của Motorola; kỹ thuật giao diện của bộ vi điều khiển trong kỹ thuật đo lường và điều khiển tự động. Sách còn có phần mục lục tra cứu các họ bộ vi điều khiển và hệ lệnh của chúng | ||
| 650 | |a Microcontroller,Microprocessors,Motorola 68HC11 ( microprocessor ) | ||
| 904 | |i Minh | ||
| 980 | |a Trung tâm Học liệu Trường Đại học Cần Thơ | ||